Catálogo público

Some biological notes on the cercopidae north of Mexico (homoptera) / (Record no. 206939)

MARC details
000 -CABECERA
campo de control de longitud fija 00918nam a2200277Ia 4500
001 - NÚMERO DE CONTROL
campo de control Para_8010
003 - IDENTIFICADOR DEL NÚMERO DE CONTROL
campo de control CHAP
008 - DATOS DE LONGITUD FIJA--INFORMACIÓN GENERAL
campo de control de longitud fija 220125s1931 xx 000 0 und d
010 ## - NÚMERO DE CONTROL DE LA BIBLIOTECA DEL CONGRESO
Número de control de LC 206939
040 ## - FUENTE DE LA CATALOGACIÓN
Centro/agencia transcriptor CHAP
082 ## - NÚMERO DE LA CLASIFICACIÓN DECIMAL DEWEY
Número de clasificación PA-C 595.75 H4
100 ## - ENTRADA PRINCIPAL--NOMBRE DE PERSONA
Nombre de persona Doering Kathleen B
9 (RLIN) 173342
245 ## - MENCIÓN DE TÍTULO
Título Some biological notes on the cercopidae north of Mexico (homoptera) /
Mención de responsabilidad, etc. by Kathleen C. Doering
300 ## - DESCRIPCIÓN FÍSICA
Extensión 4 p.
440 ## - MENCIÓN DE SERIE/PUNTO DE ACCESO ADICIONAL--TÍTULO
Título Hemiptera; 11
9 (RLIN) 173293
500 ## - NOTA GENERAL
Nota general Sobretiro de: Journal Kansas Entomological Society 4 (2): 48-51, 1931. Encuadernado con otros impresos similares
650 ## - PUNTO DE ACCESO ADICIONAL DE MATERIA--TÉRMINO DE MATERIA
Término de materia o nombre geográfico como elemento de entrada Hemípteros
Subdivisión general colecciones de escritos / Cercopidae
9 (RLIN) 173338
710 ## - PUNTO DE ACCESO ADICIONAL--NOMBRE DE ENTIDAD CORPORATIVA
Nombre de entidad corporativa o nombre de jurisdicción como elemento de entrada Journal Kansas Entomological Society 4 (2)
9 (RLIN) 173343
901 ## - ELEMENTOS DE DATOS A LOCAL LDA (RLIN)
a PA-C 595.75 H4
902 ## - ELEMENTOS DE DATOS B LOCAL, LDB (RLIN)
a A
905 ## - ELEMENTOS DE DATOS E LOCAL, LDE (RLIN)
a 0000001931 0000000000 00
910 ## - DATOS DE OPCIÓN DEL USUARIO (OCLC)
Datos de opción del usuario 1931
942 ## - ELEMENTOS DE PUNTO DE ACCESO ADICIONAL (KOHA)
Tipo de ítem Koha Parasitologia_
942 ## - ELEMENTOS DE PUNTO DE ACCESO ADICIONAL (KOHA)
Tipo de ítem Koha Parasitologia_
-- 1
Holdings
Estado de retiro Estado de pérdida Fuente del sistema de clasificación o colocación Estado dañado Restricciones de uso No para préstamo Código de colección Localización permanente Ubicación/localización actual Ubicación en estantería Fecha de adquisición Información codificada de la localización en otra ubicación Enumeración/cronología de publicación seriada Total de préstamos Código de barras Fecha visto por última vez Precio válido a partir de Tipo de ítem Koha Nota pública
    Dewey Decimal Classification   Préstamo interno   Consulta Parasitologia Agricola Parasitologia Agricola   27/10/2005 PARA Volumen: 11   PA_8304-24 25/01/2022 25/01/2022 Libro 3